| 000 | 01170nam a2200289 a 4500 | ||
|---|---|---|---|
| 001 | 000026659 | ||
| 003 | DO-SdBNP | ||
| 005 | 20250924073802.0 | ||
| 008 | 110324s1978 dr ad 000 0 spa d | ||
| 040 |
_aDO-SdBNP _bspa _cBNPHU |
||
| 082 |
_a378.1097293 _bB333u |
||
| 100 | 1 |
_aBatista del Villar, Guarocuya _920408 |
|
| 245 | 1 | 0 |
_aUniversidad crítica y patria soberana : _bdos años de gestión universitaria 1976-1978 / _cGuarocuya Batista del Villar. |
| 260 |
_aSanto Domingo : _bUASD, _c1978. |
||
| 300 |
_a619 p. : _bil., gráfcs. ; _c28 cm. |
||
| 490 | 1 |
_aPublicaciones de la Universidad Autónoma de Santo Domingo _v261 |
|
| 490 | 1 |
_aEducación y sociedad _v7 |
|
| 590 | _aInventariado, 2018/MFF | ||
| 610 | 1 | 0 |
_aUniversidad Autónoma de Santo Domingo _xAdministración _972951 |
| 650 | 4 |
_aAdministración universitaria _zRepública Dominicana _953786 |
|
| 650 | 4 |
_aUniversidades _zRepública Dominicana _9729 |
|
| 650 | 4 |
_aAdministracion universitaria _919530 |
|
| 830 |
_aPublicaciones de la Universidad Autónoma de Santo Domingo _v261 _952 |
||
| 830 | 0 |
_aEducación y sociedad _n7 _953787 |
|
| 910 | _aValidado. Control de calidad EMS | ||
| 942 |
_2ddc _cLBS1 |
||
| 999 |
_c26151 _d26151 |
||